| 000 | 00814cab a2200229 4500 | ||
|---|---|---|---|
| 001 | WB2910-57 | ||
| 008 | 090401t1993 xxu||||| |||| 00| 0 eng d | ||
| 035 | _a(Sirsi) u68269 | ||
| 041 | _aeng | ||
| 245 | _aConflicts of interest in valuation | ||
| 260 | _c1993 | ||
| 350 | _a0 | ||
| 490 |
_aRICS Press Release _v(PR 51/93) 11 March 1993 (3) |
||
| 520 | _aFollowing a suggestion by DTI Inspectors the RICS is to consider whether its rules governing conflicts of interest in relation to the provision of valuations (in the Red Book) should be changed. | ||
| 650 | _aCONFLICTS OF INTEREST | ||
| 650 | _aRICS APPRAISAL AND VALUATION MANUAL | ||
| 650 | _aVALUATION CERTIFICATES | ||
| 650 | _aVALUERS | ||
| 690 | _aMANAGEMENT-BUSINESS MANAGEMENT-PROFESSIONAL PRACTICE | ||
| 942 | _n0 | ||
| 948 | _c04/03/1997 | ||
| 999 |
_c42823 _d42823 |
||